00509nam a22001697a 450000500170000001000130001702000230003002000260005303500130007903700120009208200150010410000170011924500630013626000450019930000310024450000640027520110511104316.0 aB-425577 a0195635760c395.00 a9780195635768c395.00 aB-425577 bRBC/VEN a809.891724 aAijaz Ahmad. aIn theory :bclasses, nations, literatures /cAijaz Ahmad. aNew DelhibOxford University Pressc2010 aviii, 338 p.;c23 cm.(pbk) aIncludes bibliographical references (p. 319-343) and index.